000
00348nam a22001097a 4500
082
_a
891.433/SHA
100
_a
शाक्य ,किशोर कुमार
_9
83812
245
_a
उपेक्षिता ( उपन्यास )
260
_a
भोपाल
_b
आइसेक्ट
_c
2025
650
_a
उपन्यास
942
_c
HIN
999
_c
68799
_d
68799